| 000 | 00833nam a2200265 a 4500 | ||
|---|---|---|---|
| 999 |
_c32 _d32 |
||
| 001 | 32 | ||
| 003 | BD-JhCC | ||
| 005 | 20171220131903.0 | ||
| 008 | 17 s2009 bg a 000 0 benod | ||
| 020 | _a9848685278 | ||
| 035 | _a(BD-JhCC)32 | ||
| 040 |
_aDLC _cDLC _dBD-JhCC |
||
| 041 | _aben | ||
| 050 | 0 | 0 |
_aDS395.5 _b.K57 2006 |
| 082 |
_bMAJ 2009 _a851.4409 |
||
| 100 | 1 | _aমজিদ,শাকুর | |
| 245 | 1 | 0 |
_aকালাপানি / _cশাকুর মজিদ . |
| 260 |
_aḌhākā : _bঅন্যপ্রকাশ, _c2009. |
||
| 300 |
_a79 p. : _c23 cm. _bill. ; |
||
| 520 | _aArticles on political and social conditions in Bangladesh; includes articles on Islam and politics. | ||
| 650 | 0 | _aBengali Literature | |
| 651 | 0 |
_aBangladesh _xSocial conditions. |
|
| 942 |
_2ddc _cBK |
||